000 00590nam a22001937a 4500
999 _c196532
_d196532
005 20230714122316.0
010 _aENG-137390
020 _c240.00
_a9788184503692
035 _aEN-120922
037 _bDBAD/PUB
082 _a881.08
245 0 0 _aTinaimalai Nurraimpatu/
260 _aChennai
_bCentral institute of classical Tamil
_c2017
270 _a40 100 Feet Road Taramani
_bChennai
_e600113
300 _a250p.;
_c24cm(hbk)
500 _aIncludes index
700 _aCompiled and Edited by Sethumani Manian and N.Murugaiyan
942 _2ddc
_cEN
_mTIN
_h881.08